Memoires du cardinal de Retz, contenant ce qui s'est prasse de remarquable en France pendant les premieres anées du régine de Louis XIV

Detalles Bibliográficos
Autor principal: Jean-François-Paul de Gondi, card. de Retz, 1613-1679
Formato: Libro
Lenguaje:French
Publicado: a Geneve : chez Fabry & Barillot, 1751.
Edición:Nouvelle edition revue & corrigée
Materias:
Colección:Banco de datos
Acervo:Fondo Antiguo José Gutiérrez Casillas. S.J. de la Biblioteca Eusebio F. Kino. de la Provincia Mexicana de la Compañía de Jesús
Descripción Física:4 t. ; 12°
Tema general:Historia eclesiástica
Notas:Portada con empresa tipográfica y pleca en grabado xilográfico. Texto a renglón seguido con paginación en números arábigos, cornisas, apostillas marginales, titulillos, signaturas y notas a pie de página. Cada tomo con portada y paginación propias. Los t. 1-4 publicados en 1751. Paginación: t. 1 XXIII, 516 p.; t. 2 [2] h., 493 p.; t. 3 [2] h., 432 p.; t. 4 [1] h., 457 p. Incluyen cabecera de título y letra capitular con motivos arabescos en grabado xilográfico. Encuadernación en piel sobre cartón (50703-50706). Anotaciones manuscritas en el verso de la guarda posterior (50703). Sello en tinta de la Asociación Histórica Americanista (50703-50706). Sello en tinta de la Bibliotheca Collegii Maximi Prov. Mexicanae, S. J. (50703-50706)
LEADER 01593nam a22001930004500
035 |a 4722 
041 0 |a fre 
100 1 |a Jean-François-Paul de Gondi, card. de Retz, 1613-1679 
245 1 0 |a Memoires du cardinal de Retz, contenant ce qui s'est prasse de remarquable en France pendant les premieres anées du régine de Louis XIV 
250 |a Nouvelle edition revue & corrigée 
260 |a a Geneve : chez Fabry & Barillot, 1751. 
300 |a 4 t. ; 12° 
500 |a Portada con empresa tipográfica y pleca en grabado xilográfico. Texto a renglón seguido con paginación en números arábigos, cornisas, apostillas marginales, titulillos, signaturas y notas a pie de página. Cada tomo con portada y paginación propias. Los t. 1-4 publicados en 1751. Paginación: t. 1 XXIII, 516 p.; t. 2 [2] h., 493 p.; t. 3 [2] h., 432 p.; t. 4 [1] h., 457 p. Incluyen cabecera de título y letra capitular con motivos arabescos en grabado xilográfico. Encuadernación en piel sobre cartón (50703-50706). Anotaciones manuscritas en el verso de la guarda posterior (50703). Sello en tinta de la Asociación Histórica Americanista (50703-50706). Sello en tinta de la Bibliotheca Collegii Maximi Prov. Mexicanae, S. J. (50703-50706) 
600 1 4 |a Jean-François-Paul de Gondi, card. de Retz, 1613-1679 - Memorias 
650 1 0 |a Historia eclesiástica 
949 |a 50703 (t. 1); 50704 (t. 2); 50705 (t. 3); 50706 (t. 4) 
942 |c KINO 
943 |g Fondo Antiguo José Gutiérrez Casillas. S.J. de la Biblioteca Eusebio F. Kino. de la Provincia Mexicana de la Compañía de Jesús 
999 |c 1097611  |d 1097611